|
|
|
|
| LEADER |
00000nam a2200000 a 4500 |
| 001 |
vtls011772722 |
| 003 |
SK-MaSNL |
| 005 |
20260301095950.0 |
| 008 |
251112s1619 gw 010 0 ger |
| 015 |
|
|
|a SNBHFA1619
|
| 040 |
|
|
|a SNKHF
|b slo
|c SNKHF
|e AACR2
|
| 041 |
0 |
|
|a ger
|
| 044 |
|
|
|a gw
|c DE
|
| 072 |
|
7 |
|a 2
|x Náboženstvo
|2 konspekt
|
| 072 |
|
7 |
|a 27
|x Kresťanstvo. Kresťanská cirkev všeobecne. Ekleziológia
|2 konspekt
|
| 080 |
|
|
|a 21/29-1/-9
|2 2011
|
| 080 |
|
|
|a 27
|2 2011
|
| 080 |
|
|
|a 2-475.5
|2 2011
|
| 080 |
|
|
|a 2-46
|2 2011
|
| 100 |
1 |
|
|a Friederich, David,
|d 1575-1633
|4 aut
|9 432106
|
| 245 |
1 |
0 |
|a Seelen Kästlein aller Gerechten und Gläubigen Kinder Gottes vor/ in/ und nach ihren Absterben. Aus dem Büchlein der Weißheit am 3. Cap. Bey der Ansehnlichen und Volckreichen Leichbestattung Deß wol Edlen Gestrengen und Ehrnvesten Hioben von Milckaw [...]
|c David Friedrich Predigern zu G. Rath. in Zwickaw
|
| 260 |
|
|
|a Gedrckt zu Leipzig
|b [b. t]
|c Im Jahr 1619
|
| 300 |
|
|
|a 37, [9] strán
|c 19 cm
|
| 500 |
|
|
|a Titulný list zdobený rámčekom,text v rámčeku, inciálky s ornamentálnym pozadím na 3-6 riadkov, typografické linky, živé záhlavie, vinety, kustódy
|
| 501 |
|
|
|a Príväzok 2. k: WEINRICH, Georg. Ehrengedechtnis Bey dem Churfürstlichen Leichenbegengnis. (Leipzig): (In Verlegund Thomae Schürers Buchhandlers), (1611).
|5 SNK ID 100534
|
| 508 |
|
|
|a Dedikácia: Hioben von Milckaw
|
| 546 |
|
|
|a Nemčina
|b Fraktura
|
| 561 |
|
|
|a Z knižnice Učenej spoločnosti malohontskej.
|5 SNK ID 100534/prív.2
|
| 650 |
0 |
7 |
|a pastorálna teológia
|2 SNKPH
|9 1811
|
| 650 |
0 |
7 |
|a pohrebné kázne
|2 SNKPH
|9 115491
|
| 650 |
0 |
7 |
|a náboženstvo
|2 SNKPH
|9 2023
|
| 650 |
0 |
7 |
|a kresťanstvo
|2 SNKPH
|9 2024
|
| 700 |
1 |
|
|a Milckau, Hiob von,
|d 1587-1618
|9 432107
|
| 710 |
2 |
|
|a Učená spoločnosť malohontská
|4 fmo
|9 205374
|
| 752 |
|
|
|a Nemecko
|d Lipsko
|
| 852 |
|
|
|a snk
|b Historické fondy
|p ID 100534/prív.2
|
| 999 |
|
|
|c 684721
|d 686651
|
| 952 |
|
|
|t MHC II.B.g.164
|a SNK
|b SNK
|c SNK_HF
|y PREZ
|7 0
|p 17A1301340
|o snkID 100534/prív.2
|i snk2018/16809
|8 5
|0 0
|1 0
|4 0
|d 2018-08-16
|l 0
|r 2026-02-23 20:08:52
|w 2026-02-23
|